| 000 | 01065cam a2200337 a 4500 | ||
|---|---|---|---|
| 001 | 1179759 | ||
| 003 | LC | ||
| 005 | 20160314145322.0 | ||
| 008 | 970307s1997 nyu 000 1 eng | ||
| 010 | _a 97010955 | ||
| 020 | _a0446604089 | ||
| 040 |
_aDLC _cDLC _dDLC _dOCoLC _dDLC |
||
| 043 | _an-us-ky | ||
| 050 | 0 | 0 |
_aPS 3569 .H3927 _b.Sh544 1997 |
| 082 |
_aFIC _bSh4b 1997 |
||
| 100 | 1 |
_aSheldon, Sidney. _919138 |
|
| 245 | 1 | 4 |
_aThe best laid plans : _ba novel / _cSidney Sheldon. |
| 250 | _a1st ed. | ||
| 260 |
_aNew York : _bWilliam Morrow, _cc1997. |
||
| 300 |
_a372 p. ; _c25 cm. |
||
| 650 | 0 |
_aNewspaper publishing _xFiction. _919440 |
|
| 650 | 0 |
_aPresidents _zUnited States _xFiction. _919441 |
|
| 651 | 0 |
_aKentucky _xFiction. _919442 |
|
| 655 | 7 |
_aAdventure stories. _2gsafd _92927 |
|
| 655 | 7 |
_aPolitical fiction. _2lcsh _91888 |
|
| 906 |
_a7 _bcbc _corignew _d1 _eocip _f19 _gy-gencatlg |
||
| 942 |
_2lcc _cBK |
||
| 999 |
_c11236 _d11236 |
||